000 00654cam a22002531 4500
001 sa 68001559
003 DLC
005 20260227112434.0
008 890629s1966 ii b 000 0 gujo
010 _asa 68001559
035 _a(OCoLC)19949683
040 _aDLC
_cWaU
_dDLC
042 _apremarc
043 _aa-ii---
050 0 0 _aCT34.I4
_bB45
100 1 _aBhatt, Upendra R.,
_d1916-
245 1 0 _aCaritrasāhitya.
260 _c[1966]
300 _a276 p.
_c22 cm.
500 _aIn Gujarati.
504 _aBibliography: p. [273]-276.
650 0 _aBiography as a literary form.
650 0 _aGujarati literature
_xHistory and criticism.
999 _c78041
_d78041